000 00655nam a2200181Ia 4500
999 _c2665
_d2665
003 DO-SdBJH
005 20180416175856.0
008 180414s9999 dr 000 0 spa d
040 _aDO-SdBJH
_bspa
_cDO-SdBJH
090 _aDM FM 63-20 1990
110 _aInstituto de Cooperación para la Seguridad Hemisférica
245 1 0 _aFM 63-20 Batallón de apoyo avanzado / Instituto de Cooperación para la Seguridad Hemisférica
260 _aFuerte Benning, Georgia : Cuartel General Secretaría del Ejército, 1990
300 _aiii, 196 páginas en varias paginaciones
504 _aIncluye apéndices
650 4 _aBatallón -- Apoyo
942 _2ddc
_cBK